000 00438nam a2200181Ia 4500
008 090124s9999 xx 000 0 und d
082 _b128421
100 _aराजे शैलजा
245 _a शर्थ
250 _a1
260 _c1998
300 _a151
600 _aराजे शैलजा
630 _a शर्थ
700 _aराजे शैलजा
730 _a शर्थ
942 _cBOOK
999 _c174510
_d174510